000 00600nam a2200229 a 4500
001 74593
003 BD-RjUL
005 20211209082557.0
008 181030s1968 b ||||| b||| 00| 0 eng d
035 _a(BD-RjUL)
040 _aBD-RjUL
_beng
_cBD-RjUL
041 _aeng
082 _223
_a361
_bAKE 1968
100 1 _4Akbar, Md. Ali
245 1 0 _aElements of Social Welfare
_cMd. Ali Akbar
250 _aThird & Revised Edition
260 _aDhaka :
_bM.A. Malek ,
_c1968
300 _a271 p. ;
_c22 cm
504 _aIncludes biliography
650 _aWelfare services
_9224491
942 _2ddc
_cBK
999 _c74593
_d74593